000 00396nam a2200157Ia 4500
008 160316s1996 xxu||||| |||| 00| 0 eng d
082 _a364.153400
_bSEX
100 _a
245 _aSexaul exploitation and trafficking of children
250 _a
260 _aCalcutta
_b
_c1996
300 _a5
_b
_c
365 _b
650 _a1. Sexual exploitation - trafficking - children
700 _a
_a
999 _c36858
_d36858